| 000 | 00584nam a22001577a 4500 | ||
|---|---|---|---|
| 005 | 2012041907477.0 | ||
| 020 |
_a8188837857 _c750.00 |
||
| 035 | _aB-219613 | ||
| 037 |
_aDPL _bENG |
||
| 100 |
_aRawat, Gyanendra Singh _945408 |
||
| 245 |
_aThe status of Dalit and human right in India / _cby Gyanendra Singh Rawat |
||
| 260 |
_aNew Delhi _bSumit Enterprises _c2005 |
||
| 300 |
_av, 360p. _c22 cms. |
||
| 942 |
_2ddc _cEN _h305.560954 _mRAW |
||
| 999 |
_c65287 _d65287 |
||